Cultura, política y sociedad: perspectivas latinoamericanas /
Gardado en:
| Autor Principal: | |
|---|---|
| Outros autores: | |
| Formato: | Texto |
| Publicado: |
Buenos Aires:
CLACSO
|
| Materias: | |
| Etiquetas: |
Engadir etiqueta
Sen Etiquetas, Sexa o primeiro en etiquetar este rexistro!
|
MARC
| LEADER | 00000 a a2200000 04500 | ||
|---|---|---|---|
| 001 | 32477 | ||
| 003 | |||
| 040 | |a CRAI/IIS |c CRAI/IIS | ||
| 020 | |a 987-1183-27-5 | ||
| 090 | |a 202500 | ||
| 100 | |a Mato, Daniel | ||
| 245 | |a Cultura, política y sociedad: perspectivas latinoamericanas / |c Daniel Mato | ||
| 260 | |a Buenos Aires: |b CLACSO | ||
| 300 | |a 504 p. | ||
| 650 | |a CULTURA | ||
| 650 | |a POLITICA | ||
| 650 | |a GLOBALIZACION | ||
| 650 | |a IDENTIDAD CULTURAL | ||
| 650 | |a INDUSTRIA CULTURAL | ||
| 650 | |a PLURALISMO CULTURAL | ||
| 650 | |a IMPERIALISMO | ||
| 650 | |a AMERICA LATINA | ||
| 650 | |a POLITICA CULTURAL | ||
| 650 | |a MOVIMIENTOS SOCIALES | ||
| 650 | |a FEMINISMO | ||
| 650 | |a INVESTIGACION | ||
| 650 | |a MEDIOS DE COMUNICACION | ||
| 700 | |a comp. | ||
| 999 | |c 15203 |d 15203 | ||



